History Quiz

Random History or Decade Quiz

Political Photos from the 1990s Quiz Stats

 Plays Quiz Updated Jul 26, 2015

Challenge
Share
Tweet
Score 0/14 Timer 04:00
5 Plays Today
% Correct
South Africa 1990 - The release of Nelson Mandela
99%
United States 1993 - Clinton signing his first bill (Family and Medical Leave Act)
96.2%
Germany 1990 - The reunification of Germany
95.2%
North Korea 1992 - Military parade in Pyongyang
81.1%
China 1997 - The transfer of sovereignty of Hong Kong to China
78.9%
Russia 1993 - Bush and Yeltsin signing the Strategic Arms Reduction Treaty II
77.8%
United Kingdom 1998 - Blair and Ahern signing the Good Friday Agreement
68.1%
% Correct
Kuwait 1991 - Fighter jets fly over the burning oil fields in the 1st Gulf War
67.7%
Rwanda 1994 - The Rwandan Genocide
57.1%
Somalia 1993 - Black Hawk helicopter, Mogadishu after Somali Civil War
40.6%
Chile 1997 - General Pinochet in Santiago - 24th anniversary of the coup d'état
34.3%
Netherlands 1993 - Establishing the EU pillar structure in the Maastricht Treaty
24%
Bosnia and Herzegovina 1999 - NATO bombing campaign of Yugoslavia
23%
Mongolia 1990 - Pro-Democracy hunger strikers in Sükhbaatar Square
4.8%

You're not logged in!

Compare scores with friends on all Sporcle quizzes.
Join for Free
OR
Log In

You Might Also Like...

Show Comments

Extras

Top Quizzes Today


Score Distribution

Your Account Isn't Verified!

In order to create a playlist on Sporcle, you need to verify the email address you used during registration. Go to your Sporcle Settings to finish the process.

Report this User

Report this user for behavior that violates our Community Guidelines.

Details: